Инженерное обустройство территорий. Мелиорация земель: учебное пособие

Dades bibliogràfiques
Autor principal: Деменков П. А. Петр Алексеевич
Autor corporatiu: Санкт-Петербургский государственный горный институт им. Г. В. Плеханова (технический университет) (СПбГГИ (ТУ))
Altres autors: Ковязин В. Ф. Василий Федорович
Sumari:Рассмотрены теоретические основы мелиорации земель; особенности гидрологии территории, различные способы осушения и орошения земель, противоэрозионные и лесомелиоративные мероприятия, принципы мелиорации городских и пригородных территорий. Учебное пособие предназначено для студентов всех отделений специальности 120303 «Городской кадастр».
Idioma:rus
Publicat: СПб., Изд-во СПбГГИ, 2007
Matèries:
Format: MixedMaterials Llibre
KOHA link:https://koha.lib.tpu.ru/cgi-bin/koha/opac-detail.pl?biblionumber=130298

MARC

LEADER 00000nam0a2200000 4500
001 130298
005 20231101220230.0
010 |a 9785242112936 
035 |a (RuTPU)RU\TPU\book\141119 
090 |a 130298 
100 |a 20080201d2007 m y0rusy50 ca 
101 0 |a rus 
102 |a RU 
105 |a a j 001zy 
200 1 |a Инженерное обустройство территорий. Мелиорация земель  |e учебное пособие  |f П. А. Деменков, В. Ф. Ковязин  |g Санкт-Петербургский государственный горный институт им. Г. В. Плеханова (технический университет) (СПбГГИ (ТУ)) 
210 |a СПб.  |c Изд-во СПбГГИ  |d 2007 
215 |a 91 с.  |c ил. 
320 |a Библиографический список: с. 89. 
330 |a Рассмотрены теоретические основы мелиорации земель; особенности гидрологии территории, различные способы осушения и орошения земель, противоэрозионные и лесомелиоративные мероприятия, принципы мелиорации городских и пригородных территорий. Учебное пособие предназначено для студентов всех отделений специальности 120303 «Городской кадастр». 
606 1 |a Мелиорация  |x Моделирование  |2 stltpush  |3 (RuTPU)RU\TPU\subj\42052  |9 61812 
610 1 |a землеустройство 
610 1 |a территории 
610 1 |a гидрология 
610 1 |a гидравлика 
610 1 |a вода 
610 1 |a круговорот 
610 1 |a свойства 
610 1 |a источники 
610 1 |a земли 
610 1 |a осушительная мелиорация 
610 1 |a дренажные системы 
610 1 |a оросительная мелиорация 
610 1 |a расчистка 
610 1 |a окультуривание 
610 1 |a рекультивация 
610 1 |a снежная мелиорация 
610 1 |a лесомелиорация 
610 1 |a учебные пособия 
675 |a 626.8(075.8)  |v 3 
700 1 |a Деменков  |b П. А.  |g Петр Алексеевич 
701 1 |a Ковязин  |b В. Ф.  |g Василий Федорович 
712 0 2 |a Санкт-Петербургский государственный горный институт им. Г. В. Плеханова (технический университет) (СПбГГИ (ТУ))  |2 stltpush  |3 (RuTPU)RU\TPU\col\54 
801 1 |a RU  |b 63413507  |c 20080201  |g PSBO 
801 2 |a RU  |b 63413507  |c 20131025  |g PSBO 
900 |a Водоснабжение и инженерные мелиорации 
900 |a Гидрогеоэкология и мелиорация 
900 |a Инженерное обустройство территории 
900 |a Городской кадастр 
942 |c BK